| 000 | 00909nam a2200241Ia 4500 | ||
|---|---|---|---|
| 003 | OSt | ||
| 005 | 20220923212435.0 | ||
| 006 | a|||||r|||| 00| 0 | ||
| 007 | ta | ||
| 008 | 220922b |||||||| |||| 00| 0 hin d | ||
| 024 | _a152,996 | ||
| 037 | _cTextual | ||
| 040 |
_aARTS _cARTS _bhin |
||
| 041 |
_2hin _ahin |
||
| 082 | _aO142:2M28:16, 152K3 | ||
| 100 | _aटाल्स्टाय, लिओ | ||
| 245 | 0 | _aबालको का विवेक* टाल्स्टाय के विज़डम आफ चिल्ड्रन का, रामनाथ अनु | |
| 246 | _aBālako kā viveka: ṭālsṭāya ke vija़ḍam āf chilḍran kā, rāhināth anu0 | ||
| 260 | _c1963 | ||
| 490 | _aसत्साहित्य प्रकाशन | ||
| 942 |
_hO142:2M28:16, 152K3 _cTEXL _2CC |
||
| 999 |
_c308644 _d308644 |
||